000 00357nam a22000857a 4500
245 _a IS 3400 (Part 1/Sec 2) 2022 (ISO 815-2:2019. Methods of test for rubber, vulcanized or thermoplasticrubber. Part 10. Compression set. Section 2. At low temperatures (Third Revision)
260 _aNew Delhi
_b Bureau of Indian Standards
_c2022
300 _a19p.
942 _cST
999 _c74888
_d74888